01424nam a2200349Ia 4500001001200000003000800012006001900020007001500039008004100054020002200095020002500117020001800142040002100160035002100181050002800202245018300230260005900413300002300472504004100495533015200536650001200688650001000700650003900710651003100749651004400780655002900824700003800853700002300891710001700914856012600931999001701057ebr10677152CaPaEBRm u cr cn|||||||||121031s2012 enka sb 000 0 eng d z1443841498 (hbk.) z9781443841498 (hbk.) z9781443846462 aCaPaEBRcCaPaEBR a(OCoLC)84761826714aHB3530.5.A3bE84 2012eb00aEverlasting countdownsh[electronic resource] :brace, ethnicity and national censuses in Latin American states /cedited by Luis Fernando Angosto Ferrandez and Sabine Kradolfer. aNewcastle upon Tyne :bCambridge Scholars Pub.,c2012. aix, 339 p. :bill. aIncludes bibliographical references. aElectronic reproduction.bPalo Alto, Calif. :cebrary,d2013.nAvailable via World Wide Web.nAccess may be limited to ebrary affiliated libraries. 0aCensus. 0aRace. 0aIndigenous peopleszLatin America. 0aLatin AmericaxPopulation. 0aLatin AmericaxPolitics and government. 7aElectronic books.2local1 aFerrandez, Luis Fernando Angosto.1 aKradolfer, Sabine.2 aebrary, Inc.40uhttp://site.ebrary.com/lib/rucke/Doc?id=10677152zAn electronic book accessible through the World Wide Web; click to view c58902d58902